000 00700 a2200193 4500
020 _a978-1-56512-516-2
020 _a1-56512-516-9
040 _aDLC
082 0 0 _a370
100 _aMathews, Jay
245 1 0 _aWork hard be nice : how two inspired teachers created the most promising schools in America
_bhow two inspired teachers created the most promising schools in America
_cJay Mathews.
250 _a1st ed.
260 _aChapel Hill, N.C. :
_bAlgonquin Books of Chapel Hill,
_c2009.
300 _aiv, 328 p. ;
_c21 cm.
500 _aIncludes index.
650 7 _aChildren with social disabilities
_xEducation
_zUnited States.
650 7 _aTeaching - Methodology
942 _cBK
_k370 MAT
_2ddc
999 _c10927
_d10927